Responses for Show #4913 - Wednesday, January 11, 2006

Kevin Marshall game 2.

Contestants

[<< previous game]

Bryan Adams, an accounts receivable manager from Novato, California

Mary Keefe, a waitress from Edina, Minnesota

Kevin Marshall, a student from Metairie, Louisiana (whose 1-day cash winnings total $14,400)

[next game >>]

Jeopardy! Round responses

THE KENNEDY CENTER
CLEVELAND ATHLETES
TRUMAN CAPOTE
MADISON AVE.
JACKSON HOLE
"BUSH"-ISMS
(Alex: I hope you noticed the presidential theme for all of our categories.)
    $200 29
Steve Martin

Mary
    $200 20
LeBron James

Kevin
    $200 1
Christmas

Kevin
    $200 11
"Where's the beef?"

Bryan
    $200 16
(Mary: Huh, who is Andrew Jackson?)

George Washington

KevinMary
    $200 6
(Bryan: What is "Ring Around The Mulberry Bush"?)
(Mary: What is "All Around the Mulberry Bush"?)

"Here We Go Round The Mulberry Bush"

MaryBryan
Triple Stumper
    $400 25
Billie Holiday

Mary
    $400 21
Jim Brown

Kevin
    $400 2
(Bryan: What is Tennessee?)
(Mary: What is Nebraska?)
...
(Alex: The Clutter family were murdered in [*].)

Kansas

MaryBryan
Triple Stumper
    $400 12
Charlie (the Tuna)

Mary
    $400 17
(Kevin: Who are the Boston Pops?)
(Bryan: Who is the Boston Philharmonic?)

the New York Philharmonic

KevinMaryBryan
    $400 7
a bush pilot

Bryan
    $600 26
Tennessee Williams

Kevin
    $600 22
(Kevin: What is lacrosse?)
...
(Alex: Those two Canadians play [*] for the Cleveland Barons.)

hockey

Kevin
Triple Stumper
    $600 3
Henry James

Bryan
    $600 13
Intel

Kevin
    $600 18
(Mary: Uh, what are reindeer?)
(Kevin: What are deer?)

elk

KevinMaryBryan
    $600 8
bush league

Kevin
    $800 27
(Alex: Around Christmastime, right.)

The Nutcracker

Kevin
    $800 23
(Alex: That was the fireballer [*].)

Bob Feller

Triple Stumper
    $800 4
(Bryan: What are letters?)
...
(Alex: More tears shed over [*] than unanswered ones.)

answered prayers

Bryan
Triple Stumper
    $800 14
Chrysler

Bryan
    $800 19
a shootout

Kevin
    $1,000 9
Beating Around the Bush

Kevin
    $1000 28
Van Cliburn

Bryan
    $1000 24
(Mary: Who is Ozzie Smith?)
...
(Alex: Who is [*]? Ozzie Smith was a different sport.)

Ozzie Newsome

Mary
Triple Stumper
    $1000 5
(Alex: The grass [*]. All right, not big Capote fans, obviously.)

harp

Triple Stumper
    $1000 15
(Alex: Remember those? [*].)

Rold Gold

Triple Stumper
    $1000 30
1920

Mary
    $1000 10
a bush baby

Mary

Scores at the first commercial break (after clue 13):

Kevin Mary Bryan
$2,400 $800 -$200

Scores at the end of the Jeopardy! Round:

Kevin Mary Bryan
$3,800 $1,000 $1,800

Double Jeopardy! Round responses

FIRST LADIES
THE COLOR PURPLE
CLASSICAL CLASSICS
DRUGS
AMERICAN LIT
CATCHING SOME "Z"s
    $400 16
Rosalynn Carter

Mary
    $400 11
(Bryan: Who is Po?)

Tinky Winky

Bryan
Triple Stumper
    $400 22
an avalanche

Kevin
    $400 21
Dracula

Kevin
    $400 1
The Great Gatsby

Bryan
    $400 2
the Ziegfeld Follies

Bryan
    $800 18
Nancy Reagan

Bryan
    $800 12
"Purple Haze"

Kevin
    $800 23
Messiah

Kevin
    $800 7
Slaughterhouse-Five

Kevin
    $800 3
the Zulu

Bryan
    $1200 17
Betty Ford

Kevin
    $1200 13
The Purple Rose of Cairo

Bryan
    $1200 24
Johannes Brahms

Triple Stumper
    $1200 8
Dana

Mary
    $1200 4
Zebedee

Kevin
    $1600 19
Daughters of the American Revolution

Kevin
    $1600 14
(Kevin: What is... The Color Purple?)

Purple Rain

KevinMary
    $1600 25
(Mary: Um...)
(Alex: Hurry... too much time.)
(Mary: Night... sorry.)

"Eine Kleine Nachtmusik"

MaryBryan
    $3,000 9
(Mary: Um...)
(Alex: Anything?)
(Mary: Um... no, nothing.)

Sister Carrie

Mary
    $1600 5
(Kevin: What is zootheism?)
[Originally ruled incorrect; reversed before Daily Double at clue 9.]

zoolatry

Kevin
    $2000 20
(Bryan: Who was Fillmore?)

Polk

Bryan
Triple Stumper
    $2000 15
"Smoke On The Water"

Bryan
    $6,600 26
(Bryan: ...What is "G String Air"?)
(Alex: ...[*] is what it's called, yes!)
(Bryan: All right! Thank you. Ha ha.)
[The end-of-round signal sounds.]

"(Air On The) G String"

Bryan
    $2000 10
O Pioneers!

Kevin
    $2000 6
(Alex: No. Yes, you're right. I'm sorry, I misheard.)

Zenger

Mary

Scores at the end of the Double Jeopardy! Round:

Kevin Mary Bryan
$13,000 $1,600 $13,200

[wagering suggestions for these scores]

Final Jeopardy! Round responses

NEWSMAKERS
(Alex: Usually you do not associate e-mails with this man or his position, but let's see if you came up with the correct response.)
[ZergCam]
MaryWho Who is ?
$0
KevinWho is Benedict XVI?
$201
BryanWho is --
$13,100
Pope Benedict XVI

Final scores:

Kevin Mary Bryan
$13,201 $1,600 $100
2-day champion: $27,601 2nd place: $2,000 3rd place: $1,000

Game dynamics:

Coryat scores:

Kevin Mary Bryan
$12,800 $4,600 $8,600
20 R
(including 1 DD),
4 W
10 R,
7 W
(including 1 DD)
14 R
(including 1 DD),
6 W

Combined Coryat: $26,000

[game clues] [game scores] [suggest correction]

Game tape date: 2005-10-26
The J! Archive is created by fans, for fans. Scraping, republication, monetization, and malicious use prohibited; this site may use cookies and collect identifying information. See terms. The Jeopardy! game show and all elements thereof, including but not limited to copyright and trademark thereto, are the property of Jeopardy Productions, Inc. and are protected under law. This website is not affiliated with, sponsored by, or operated by Jeopardy Productions, Inc. Join the discussion at JBoard.tv.